ბათუმის შოთა რუსთაველის სახელმწიფო უნივერსიტეტის ბიბლიოთეკა

ნიკოლოზ ბარათაშვილის ეპოქა (ბიბ.ჩანაწერი № 50009)

000 -LEADER
fixed length control field 01005nam a2200241Ia 4500
001 - CONTROL NUMBER
control field 16946
003 - CONTROL NUMBER IDENTIFIER
control field GE_BSU
008 - FIXED-LENGTH DATA ELEMENTS--GENERAL INFORMATION
fixed length control field 181216s||||||||xx |||||||||||||| ||und||
040 ## - CATALOGING SOURCE
Transcribing agency GE_BSU
080 ## - UNIVERSAL DECIMAL CLASSIFICATION NUMBER
Universal Decimal Classification number 821.353.1(092ბარათაშვილი, ნ.) + 94(479.22)"18
100 ## - MAIN ENTRY--PERSONAL NAME
Personal name სურგულაძე, აკაკი
245 ## - TITLE STATEMENT
Title ნიკოლოზ ბარათაშვილის ეპოქა
245 ## - TITLE STATEMENT
Remainder of title ისტორიული ნარკვევი
245 ## - TITLE STATEMENT
Statement of responsibility, etc. რედ. დ. გოგოხია
260 ## - PUBLICATION, DISTRIBUTION, ETC.
Place of publication, distribution, etc. თბილისი
260 ## - PUBLICATION, DISTRIBUTION, ETC.
Name of publisher, distributor, etc. საბჭ. საქართველო
260 ## - PUBLICATION, DISTRIBUTION, ETC.
Date of publication, distribution, etc. 1968
300 ## - PHYSICAL DESCRIPTION
Extent 407გვ. ; 20სმ..
653 ## - INDEX TERM--UNCONTROLLED
Uncontrolled term ბარათაშვილი ნიკოლოზ; საქართველოს ისტორია, XIXს
653 ## - INDEX TERM--UNCONTROLLED
Uncontrolled term ისტორიული ნარკვევი
653 ## - INDEX TERM--UNCONTROLLED
Uncontrolled term ნიკოლოზ ბარათაშვილის ეპოქა
942 ## - ADDED ENTRY ELEMENTS (KOHA)
Koha item type წიგნი
ეგზემპლარები
Withdrawn status Lost status Damaged status Not for loan Date acquired Barcode Date last seen Price effective from Koha item type
        2018-12-17 21762 2018-12-17 2018-12-17 წიგნი